[Event "FRA-chT2 East 0607"]
[Site "France"]
[Date "2006.11.26"]
[Round "3.8"]
[White "Ziegler, Francois"]
[Black "Criqui, Laurence"]
[Result "0-1"]
[WhiteElo "1310"]
[BlackElo "1720"]
[PlyCount "62"]
[EventDate "2006.10.15"]
[EventType "team"]
[EventRounds "11"]
[EventCountry "FRA"]
[SourceTitle "EXT 2008"]
[Source "ChessBase"]
[SourceDate "2007.11.25"]
[SourceVersion "1"]
[SourceVersionDate "2007.11.25"]
[SourceQuality "1"]
[WhiteTeam "Selestat"]
[BlackTeam "Gambsheim"]
[WhiteTeamCountry "FRA"]
[BlackTeamCountry "FRA"]

1. e4 e5 2. Nf3 Nc6 3. Bc4 Nf6 4. Ng5 d5 5. exd5 Na5 6. Bb3 Nxb3 7. axb3 h6 8. Nxf7 Kxf7 9. c4 Bc5 10. 0-0 Bg4 11. Qe1 Re8 12. d3 e4 13. Qd2 e3 14. fxe3 Bxe3+ 15. Qxe3 Rxe3 16. Bxe3 Be2 17. Rf2 Bxd3 18. Nc3 Kg8 19. Rd2 Bg6 20. Rxa7 Rxa7 21. Bxa7 Qd7 22. Bd4 Ne4 23. Nxe4 Bxe4 24. Rf2 Qg4 25. Bc3 Qd1+ 26. Rf1 Qg4 27. Rf2 Bd3 28. Rd2 Qf5 29. Rf2 Qg4 30. Be5 Qd1+ 31. Rf1 Qxf1# 0-1